ՀՀ Գիտությունների ազգային ակադեմիայի հիմնարար գիտական գրադարան  =   Fundamental Scientific Library of NAS RA

Нервы и органы чувств сердечно-сосудистой системы / : (Record no. 472209)

MARC details
000 -LEADER
fixed length control field 00893nam a2200217 a 4500
001 - CONTROL NUMBER
control field 001165533
003 - CONTROL NUMBER IDENTIFIER
control field AM-YeHGA
005 - DATE AND TIME OF LATEST TRANSACTION
control field 20250617161458.0
008 - FIXED-LENGTH DATA ELEMENTS--GENERAL INFORMATION
fixed length control field 160721s1945 ru a||||r|||||001|0|rus|d
040 ## - CATALOGING SOURCE
Original cataloging agency AM-YeHGA
041 0# - LANGUAGE CODE
Language code of text/sound track or separate title rus
090 ## - LOCALLY ASSIGNED LC-TYPE CALL NUMBER (OCLC); LOCAL CALL NUMBER (RLIN)
-- 475470
100 1# - MAIN ENTRY--PERSONAL NAME
Personal name Иванов, Георгий Федорович
245 10 - TITLE STATEMENT
Title Нервы и органы чувств сердечно-сосудистой системы / :
Remainder of title 113 рисунков в тексте и 4 цветных рисунка на вклейках /
Statement of responsibility, etc. Проф. Г.Ф. Иванов.
260 ## - PUBLICATION, DISTRIBUTION, ETC.
Place of publication, distribution, etc. Москва ;
-- Ленинград :
Name of publisher, distributor, etc. Медгиз,
Date of publication, distribution, etc. 1945.
300 ## - PHYSICAL DESCRIPTION
Extent 224 с. :
Other physical details ил., 3 вкл. л. ил. ;
Dimensions 26 см.
504 ## - BIBLIOGRAPHY, ETC. NOTE
Bibliography, etc. note "Литература", с. 212-23
650 14 - SUBJECT ADDED ENTRY--TOPICAL TERM
Topical term or geographic name entry element Медицина
650 14 - SUBJECT ADDED ENTRY--TOPICAL TERM
Topical term or geographic name entry element Физиология
650 14 - SUBJECT ADDED ENTRY--TOPICAL TERM
Topical term or geographic name entry element Нервная система и органы чувств
Holdings
Withdrawn status Lost status Damaged status Not for loan Collection Home library Current library Date acquired Total checkouts Full call number Barcode Date last seen Price effective from Koha item type Public note
        General Fundamental Scientific Library Fundamental Scientific Library 18/06/2018   РД III/7709 FL0503372 18/06/2018 18/06/2018 Գրքեր / Books 30 Days Loan


ՀՀ ԳԱԱ հիմնարար գիտական գրադարան
ՀՀ,Երևան 0019
Մարշալ Բաղրամյան 24/6
հեռախոս:(374-10) 52-47-50
Հետադարձ կապ

All site content, except where otherwise noted, is licensed under a
Creative Commons License